000 00328nam a22001217a 4500
003 SGT
082 _a920
_bC17S
100 _aशुक्ल, आचार्य रामचंद्र
245 _aचिंतामणि
260 _bमनीष पब्लिकेशंस
_c2017
300 _a272
942 _2ddc
_cBK
999 _c32007
_d32007